America (Record no. 33021)

MARC details
000 -LEADER
fixed length control field 00236nam a2200109Ia 4500
082 ## - DEWEY DECIMAL CLASSIFICATION NUMBER
Classification number 82-3
Item number KAF
100 ## - MAIN ENTRY--AUTHOR NAME
Personal name Kafka, Franz
245 #0 - TITLE STATEMENT
Title America
260 ## - PUBLICATION, DISTRIBUTION, ETC. (IMPRINT)
Place of publication England
Year of publication 1978
942 ## - ADDED ENTRY ELEMENTS (KOHA)
Koha item type Books
Holdings
Withdrawn status Lost status Damaged status Not for loan Home library Current library Date acquired Full call number Accession Number Koha item type
        RRII Library RRII Library 16/12/2021 82-3 KAF 13522 Books